000 00395 a2200157 4500
001 62946
020 _a
040 _cAnchieta - Pituba
100 _aSilva, M. Rocha e
240 1 0 _aA evolução do pensamento científico
_lpor
245 1 0 _aA evolução do pensamento científico
300 _a374
362 0 _a1972
650 4 _aEducação, pesquisa e tópicos relacionados
942 _cBK
999 _c62946
_d62946